Az ünnepre várva

Bibliographic Details
Main Author: Kovács, László G., 1961- (Author)
Format: Article
Language:Hungarian
PhysicalDescription:Fotogr.
ISSN:1335-6445
Subjects:

MARC

LEADER 00000nab a2200000 a 4500
001 vtls010200848
003 SK-MaSNL
005 20260318140027.0
008 141024c2010 xo |||||||| 000 b|hun
015 |a SNBRB2011/01  |2 snkbucl 
038 |a SNKBUCL 
040 |a DSZK  |b slo  |c DSZK  |e AACR2 
041 0 |a hun 
044 |a xo  |c SK 
080 |a 821.511.141 (437.6)-92=511.141  |2 1997 
100 1 |a Kovács, László G.,  |d 1961-  |4 aut  |9 110597 
245 1 3 |a Az ünnepre várva  |c G. Kovács László 
300 |b Fotogr. 
650 0 7 |a maďarské glosy  |2 snkbucl  |9 115488 
773 0 |t Katedra  |g Évf. XVIII, sz. 4 (2010), o. 3  |x 1335-6445 
852 |a SNK  |b KIS3GCP 
852 |a DSZK  |b KIS3GCP 
958 |a HU 
958 |a SK 
958 |a LX 
999 |c 1809021  |d 1810951